[Event "CRO-ch"]
[Site "Slavonski Brod"]
[Date "1995.??.??"]
[Round "?"]
[White "Lalic, Bogdan"]
[Black "Kovacevic, Vlatko"]
[Result "1-0"]
[WhiteElo "2590"]
[BlackElo "2520"]
[PlyCount "43"]
[EventDate "1995.02.??"]
[EventType "tourn"]
[EventRounds "13"]
[EventCountry "CRO"]
[EventCategory "10"]
[Source "Fruth,M"]
[SourceDate "2003.05.15"]

1. d4 f5 2. e4 fxe4 3. Nc3 Nf6 4. Bg5 c6 5. f3 exf3 6. Nxf3 d5 7. Bd3 g6 8. Ne5
Qb6 9. Qe2 Qxb2 10. O-O Qxc3 11. Bxf6 Rg8 12. Qf2 Nd7 13. Bxe7 Kxe7 14. Nxd7
Kxd7 15. Qf7+ Be7 16. Qxg8 Qxd4+ 17. Kh1 Qh4 18. Rae1 Kd6 19. g3 Qg5 20. Qe8 d4
21. h4 Qd5+ 22. Kh2 1-0

[Event "Barcelona rapid op"]
[Site "Barcelona"]
[Date "1996.??.??"]
[Round "?"]
[White "Cifuentes Parada, Roberto"]
[Black "Ochoa de Echaguen, F Javier"]
[Result "1/2-1/2"]
[WhiteElo "2490"]
[BlackElo "2410"]
[PlyCount "67"]
[EventDate "1996.??.??"]
[EventType "swiss (rapid)"]
[EventRounds "11"]
[EventCountry "ESP"]
[Source "Fruth,M"]
[SourceDate "2003.05.15"]

1. d4 f5 2. e4 fxe4 3. Nc3 Nf6 4. Bg5 Nc6 5. d5 Ne5 6. Qe2 d6 7. Bxf6 exf6 8.
Qxe4 Be7 9. Bb5+ Kf7 10. f4 f5 11. Qd4 Ng4 12. O-O-O Bf6 13. Qd2 a6 14. Be2 Re8
15. Bxg4 fxg4 16. Nge2 Qe7 17. Ng3 Qe3 18. Rhe1 Qxd2+ 19. Kxd2 Rxe1 20. Rxe1
Bd7 21. Nge4 Bh4 22. g3 Be7 23. Ne2 c5 24. Ng5+ Bxg5 25. fxg5 Re8 26. Nf4 Rxe1
27. Kxe1 h6 28. gxh6 gxh6 29. Kf2 Bf5 30. c3 Kf6 31. Ke3 Ke5 32. c4 b5 33. b3
b4 34. Nd3+ 1/2-1/2

[Event "Saitek US Masters"]
[Site "Hawaii"]
[Date "1998.??.??"]
[Round "3"]
[White "Rogers, Ian"]
[Black "Deng Kong Liang"]
[Result "0-1"]
[WhiteElo "2570"]
[BlackElo "2415"]
[PlyCount "106"]
[EventDate "1998.07.??"]
[EventType "swiss"]
[EventRounds "9"]
[EventCountry "USA"]
[Source "Fruth,M"]
[SourceDate "2003.05.15"]

1. d4 f5 2. e4 fxe4 3. Nc3 Nf6 4. Bg5 g6 5. f3 d5 6. fxe4 dxe4 7. Qd2 Bg7 8.
O-O-O O-O 9. Bc4+ Kh8 10. Nge2 Nc6 11. h3 Na5 12. Bb3 Nxb3+ 13. axb3 a5 14. Kb1
a4 15. Nxa4 Bd7 16. Nc5 b6 17. Bxf6 exf6 18. Nxe4 Ra5 19. N2g3 f5 20. Nf2 Qa8
21. c3 Be6 22. Kc2 Ra2 23. d5 Rd8 24. dxe6 Rxd2+ 25. Rxd2 Bxc3 26. Kxc3 Qc6+
27. Kd3 Qd6+ 28. Ke2 Qxg3 29. Re1 Qg5 30. h4 Qf6 31. Nh3 Qxh4 32. Kf1 Ra8 33.
Rd7 Re8 34. Rxc7 Qg3 35. Rc2 Qd6 36. Ng5 Qf4+ 37. Nf3 Re7 38. Rc4 Qd6 39. Nd4
Kg7 40. Kg1 Qd5 41. Rd1 Kf6 42. Rcc1 Qe4 43. Rc3 h5 44. b4 Qg4 45. Rd2 Ra7 46.
Rc1 Qf4 47. Rdd1 Qe3+ 48. Kh1 h4 49. Rc6 h3 50. e7+ Kf7 51. e8=Q+ Qxe8 52. Ne6
hxg2+ 53. Kg1 Re7 0-1

[Event "Cataluna-chT"]
[Site "ESP"]
[Date "1999.??.??"]
[Round "8"]
[White "Granados Gomez, Manuel"]
[Black "Gonzalez Velez, Fermin"]
[Result "0-1"]
[WhiteElo "2455"]
[BlackElo "2445"]
[PlyCount "90"]
[EventDate "1999.??.??"]
[EventType "team"]
[EventRounds "9"]
[EventCountry "ESP"]
[Source "Fruth,M"]
[SourceDate "2003.05.15"]

1. d4 f5 2. e4 fxe4 3. Nc3 Nf6 4. Bg5 Nc6 5. d5 Ne5 6. Qd4 d6 7. Bxf6 gxf6 8.
Qxe4 f5 9. Qh4 c6 10. Qh5+ Ng6 11. g4 Qb6 12. O-O-O Qxf2 13. Kb1 Bg7 14. Nh3
Qh4 15. Bg2 fxg4 16. Nf4 Qxh5 17. Nxh5 Bxc3 18. dxc6 Kd8 19. Rd3 Be5 20. cxb7
Bxb7 21. Bxb7 Rb8 22. Rb3 Rf8 23. Be4 Rxb3 24. axb3 Rf2 25. Bxg6 hxg6 26. Ng3
Kd7 27. b4 Kc6 28. c3 Kb5 29. Nf1 Kc4 30. Ka2 Kd3 31. Kb3 Ke2 32. Ng3+ Kf3 33.
b5 Bxg3 34. hxg3 Kxg3 35. Ra1 Kh3 36. Rxa7 g3 37. b6 g2 38. b7 g1=Q 39. b8=Q
Qd1+ 40. Ka2 Qd5+ 41. Ka3 Qc5+ 42. Kb3 Qd5+ 43. Ka3 Rf4 44. Qc7 Rf1 45. Qb6
Ra1+ 0-1

[Event "CRO-ch"]
[Site "Pula"]
[Date "2000.01.10"]
[Round "4"]
[White "Zelcic, Robert"]
[Black "Palac, Mladen"]
[Result "1/2-1/2"]
[WhiteElo "2561"]
[BlackElo "2610"]
[PlyCount "27"]
[EventDate "2000.01.07"]
[EventType "tourn"]
[EventRounds "13"]
[EventCountry "CRO"]
[EventCategory "8"]
[Source "Fruth,M"]
[SourceDate "2003.05.15"]

1. d4 f5 2. e4 fxe4 3. Nc3 Nf6 4. Bg5 Nc6 5. Bb5 g6 6. Bxf6 exf6 7. Nxe4 Qe7 8.
Bxc6 dxc6 9. Qe2 f5 10. Nc3 Bg7 11. Qxe7+ Kxe7 12. Nge2 Be6 13. O-O-O Kf7 14.
Rhe1 1/2-1/2

[Event "SWE-ch TT Elite 200102"]
[Site "SWE"]
[Date "2002.02.09"]
[Round "7"]
[White "Vernersson, Per"]
[Black "Danielsen, Henrik"]
[Result "1/2-1/2"]
[WhiteElo "2441"]
[BlackElo "2526"]
[PlyCount "103"]
[EventDate "2001.10.12"]
[EventType "team"]
[EventRounds "11"]
[EventCountry "SWE"]
[Source "Fruth,M"]
[SourceDate "2003.05.15"]

1. d4 f5 2. e4 fxe4 3. Nc3 Nf6 4. Bg5 Nc6 5. d5 Ne5 6. Qd4 Nf7 7. Bxf6 exf6 8.
Nxe4 Be7 9. O-O-O O-O 10. f4 f5 11. Ng3 Bf6 12. Qd2 d6 13. Nh5 Bd7 14. Nf3 Re8
15. Nxf6+ Qxf6 16. Qd4 Qxd4 17. Nxd4 Re4 18. g3 Rae8 19. Bg2 R4e7 20. Kd2 Nd8
21. Bf3 c5 22. dxc6 bxc6 23. Rhe1 c5 24. Bd5+ Kf8 25. Rxe7 Kxe7 26. Re1+ Kf6
27. Rxe8 Bxe8 28. Nf3 h6 29. Ke3 Ne6 30. Nd2 Nc7 31. Bb7 Bf7 32. a3 g5 33. c4
Ne6 34. fxg5+ hxg5 35. b4 Nd4 36. Kd3 Bh5 37. a4 Be2+ 38. Kc3 Bd1 39. bxc5 dxc5
40. a5 Ke5 41. Bd5 Be2 42. Nb1 g4 43. Nd2 Kd6 44. Bg8 Bf3 45. Kd3 Ke5 46. Bf7
Bh1 47. Be8 Bg2 48. Ke3 Bh1 49. Ba4 Bg2 50. Be8 Nc2+ 51. Kd3 Nd4 52. Ke3
1/2-1/2

[Event "Internet Section 07B g/8'+2""]
[Site "Dos Hermanas"]
[Date "2004.03.08"]
[Round "8"]
[White "Sergeev, Veniamin"]
[Black "Berg, Emanuel"]
[Result "0-1"]
[WhiteElo "2417"]
[BlackElo "2489"]
[PlyCount "38"]
[EventDate "2004.03.07"]
[EventType "swiss (blitz)"]
[EventRounds "9"]
[EventCountry "ESP"]
[Source "ChessBase"]
[SourceDate "2004.05.04"]

1. d4 f5 2. e4 fxe4 3. Nc3 Nf6 4. Bg5 Nc6 5. d5 Ne5 6. Qd4 Nf7 7. h4 c6 8.
O-O-O Qa5 9. Bxf6 gxf6 10. Qxe4 Nd6 11. Qg4 c5 12. Qh5+ Kd8 13. Kb1 b5 14. Qe2
Nc4 15. Ne4 d6 16. Nf3 f5 17. Ned2 Nxb2 18. Nb3 Qc3 19. Re1 Nc4 0-1

[Event "4th Pichay Cup"]
[Site "Manila PHI"]
[Date "2008.09.15"]
[Round "3"]
[White "Nadera, B."]
[Black "Dzhumaev, M."]
[Result "0-1"]
[WhiteElo "2401"]
[BlackElo "2549"]
[PlyCount "90"]
[EventDate "2008.09.14"]
[SourceDate "1999.07.01"]

1. d4 f5 2. e4 fxe4 3. Nc3 Nf6 4. Bg5 g6 5. Bxf6 exf6 6. Nxe4 d5 7. Nc3 Bb4 8.
Qf3 c6 9. O-O-O O-O 10. Nge2 Nd7 11. h4 f5 12. a3 Ba5 13. Nf4 Nf6 14. Nce2 Ne4
15. g3 b5 16. Nd3 Rb8 17. Qf4 Bc7 18. Qh6 Qf6 19. f3 Nd6 20. h5 Nf7 21. Qd2 g5
22. f4 g4 23. Ne5 Nd6 24. Kb1 b4 25. axb4 Ne4 26. Qe1 Qd6 27. Bg2 Be6 28. c3 a5
29. Nd3 axb4 30. cxb4 Rb6 31. Kc2 Rfb8 32. Ra1 Bc8 33. Nec1 Qf6 34. Qe3 Bd6 35.
Na2 Ba6 36. Nc5 Bxc5 37. dxc5 Rxb4 38. Nxb4 Rxb4 39. Rhb1 d4 40. Qe1 d3+ 41.
Kd1 d2 42. Qe3 Bd3 43. Bxe4 Bxe4 44. Ra8+ Kg7 45. Ra7+ Kh6 0-1